000 01142nam a2200301 c 4500
003 BLK
005 20180422114645.0
008 180411b bul|||||r ||||||| ||bul||
010 _aKNG00182982000
040 _aBLK
041 _aBUL
_cBUL
080 _aБългарска литература
_b821.163.2
_x-1
_z821.163.2-1
100 1 _aХристозов, Николай
_eпърви автор
_9264250
700 1 _aБосяцки, Евгений Димитров
_eхудож.
_9364675
139 _aХристозов, Николай
_bХ 82
245 1 0 _aДеветнадесет песни за Цветан Зангов и една за нас
_cНиколай Христозов; худож. Евгений Димитров Босяцки.
257 _aBGR
260 Пловдив
_bХристо Г. Данов
_c1966
300 _a101 с.
_bс рис.
_c18 см
380 _aX
490 1 _aПоредица Посоки
_v6
500 _a4 060 тир.
852 _aЦб І 8498
856 4 _qpdf
_u
856 4 _qpdf
_u
942 _cKNG
_n0
944 _aCR
_c30.09.2015
_kКамелия_Данева
944 _aED
_c21.09.2017
_kВася_Ганчева
999 _c174496
_d174496